000 01307cam a2200325 i 4500
003 OCoLC
005 20201123115859.0
008 160809t20082008ck r 001 0dspa d
020 _a9789586764353
035 _a(Sirsi) a901252
040 _aZZAND
_cCO-JMCR
043 _as-ck---
082 0 4 _a340.069 /
_bB272c
_223
100 1 _aBarrera Núñez, Miguel Ángel,
_eautor
_912407
245 1 0 _aCódigo disciplinario del abogado :
_bcomentado por uno de sus redactores /
_cMiguel Ángel Barrera Núñez
250 _aPrimera edición.
264 1 _aBogotá :
_bEdiciones Doctrina y Ley,
_c2008
300 _axxi, 453 páginas ;
_c24 cm.
504 _aIncluye referencias bibliográficas.
505 0 _gPrincipios rectores -- Deberes e incompatibilidades del abogado -- Procedimientos disciplinarios -- Actuación procesal
610 1 4 _aColombia
_tLey 1123 de 2007 (enero 22)
_vComentarios
_912408
650 1 4 _aÉtica legal
_zColombia
_912409
650 2 4 _aDerecho y ética
_zColombia
_912410
650 2 4 _aAbogados
_xEtica profesional
_zColombia
_912411
650 2 4 _aAbogados
_xAspectos jurídicos
_zColombia
_912412
650 2 4 _aAbogados
_zColombia
_vNormas
_912413
650 2 4 _aAbogados
_xAspectos morales y éticos
_912414
650 2 4 _aAbogados
_xLegislación
_zColombia
_97932
942 _2ddc
_cBK
999 _c7013
_d7013